Statistics for Guess the Famous People from their Eyes #32

Click here to take the quiz!

General Stats

  • This quiz has been taken 38 times
  • The average score is 5 of 16

Answer Stats

Answer% Correct
Cameron Diaz
84%
John McEnroe
49%
Queen Latifah
46%
Doja Cat
38%
Kelsey Grammer
38%
Jenna Fischer
35%
Larry King
35%
Ted Danson
35%
Jeremy Clarkson
27%
David Spade
24%
Hugh Hefner
24%
Rita Ora
24%
Andrea Bocelli
19%
Irina Shayk
14%
Aaliyah
8%
Yelena Isinbayeva
0%

Score Distribution

Percentile by Number Answered

Percent of People with Each Score

Your Score History

You have not taken this quiz